The melting man
Novela de suspenso y de detectives que relata la historia de Rex Carver, un detective privado que es contratado por un millonario para hallar un Mercedes que su hija perdió en Francia y parece no recordar su ubicación. Pero más se adentra en la investigación, va descubriendo un complot y que puede e...
Sábháilte in:
| Príomhchruthaitheoir: | |
|---|---|
| Formáid: | LEABHAR |
| Teanga: | Undetermined |
| Foilsithe / Cruthaithe: |
Londres, Inglaterra
The companion book club
1968
|
| Ábhair: | |
| Clibeanna: |
Cuir clib leis
Níl clibeanna ann, Bí ar an gcéad duine le clib a chur leis an taifead seo!
|
MARC
| LEADER | 00000nam a2200000Ia 4500 | ||
|---|---|---|---|
| 008 | 170316s9999 xx 000 0 und d | ||
| 040 | |a cru BVZT | ||
| 090 | |a 820 C-2m | ||
| 100 | |a Canning, Victor | ||
| 245 | 4 | |a The melting man | |
| 260 | |a Londres, Inglaterra | ||
| 260 | |b The companion book club | ||
| 260 | |c 1968 | ||
| 300 | |a 256 páginas | ||
| 520 | |a Novela de suspenso y de detectives que relata la historia de Rex Carver, un detective privado que es contratado por un millonario para hallar un Mercedes que su hija perdió en Francia y parece no recordar su ubicación. Pero más se adentra en la investigación, va descubriendo un complot y que puede encontrar en peligro por lo que va revelando su investigación. | ||
| 650 | |a LITERATURA INGLESA |9 12 | ||
| 942 | |2 z |c 15 D |j 15 D | ||
| 999 | |c 6787 |d 6787 | ||
